Palgrave Study Skills : The Study Skills Handbook - 3rd edi (Record no. 533574)

000 -LEADER
fixed length control field 00284nam a22001217a 4500
040 ## - CATALOGING SOURCE
Transcribing agency dlc
082 ## - DEWEY DECIMAL CLASSIFICATION NUMBER
Classification number 808.06665
100 ## - MAIN ENTRY--PERSONAL NAME
Personal name Stella Cottrell
9 (RLIN) 27522
245 ## - TITLE STATEMENT
Title Palgrave Study Skills : The Study Skills Handbook - 3rd edi
250 ## - EDITION STATEMENT
Edition statement 2nd
300 ## - PHYSICAL DESCRIPTION
Extent 351p
942 ## - ADDED ENTRY ELEMENTS (KOHA)
Source of classification or shelving scheme
Koha item type Book
Holdings
Withdrawn status Lost status Source of classification or shelving scheme Damaged status Not for loan Permanent Location Current Location Date acquired Total Checkouts Full call number Barcode Date last seen Date last checked out Price effective from Koha item type
          School of Civil and Environmental Engineering (SCEE) School of Civil and Environmental Engineering (SCEE) 01/13/2020 1 808.06665 NIT-9187 06/16/2022 07/01/2021 01/13/2020 Book
© 2023 Central Library, National University of Sciences and Technology. All Rights Reserved.